书目信息 |
| 题名: |
中国传统建筑形制与工艺
|
|
| 作者: | 李浈 编著 | |
| 分册: | ||
| 出版信息: | 上海 同济大学出版社 2015.10 |
|
| 页数: | 298页 | |
| 开本: | 26cm | |
| 丛书名: | ||
| 单 册: | ||
| 中图分类: | TU-092 | |
| 科图分类: | ||
| 主题词: | 古建筑--gu jian zhu--建筑艺术--中国 | |
| 电子资源: | ||
| ISBN: | 978-7-5608-5959-0 | |
| 000 | 01111nam0 2200289 450 | |
| 001 | CA2016000922 | |
| 005 | 20201116122433.67 | |
| 010 | @a978-7-5608-5959-0@dCNY76.00 | |
| 100 | @a20151210d2015 em y0chiy50 ea | |
| 101 | 0 | @achi |
| 102 | @aCN@b310000 | |
| 105 | @aak a 000yy | |
| 106 | @ar | |
| 200 | 1 | @a 中国传统建筑形制与工艺@Azhong guo chuan tong jian zhu xing zhi yu gong yi@f李浈编著@Fli zhen bian zhu |
| 205 | @a第3版 | |
| 210 | @a上海@c同济大学出版社@d2015.10 | |
| 215 | @a298页@c图@d26cm | |
| 300 | @a国家自然科学基金资助项目 (编号51378357, 51078277) | |
| 320 | @a有书目 (第295-297页) | |
| 330 | @a本书是关于中国传统建筑工艺较全面的论述, 作者结合前人和自己的研究成果, 介绍了中国古代建筑的主要形制, 系统阐述了传统建筑木作、土作、石作、砖瓦作、漆作等主要结构性匠作的工艺发展概况, 材料的利用和加工, 营造工艺流程, 并关注南北方传统建筑工艺的异同。 | |
| 540 | @a中国传统建筑形制与工艺 | |
| 606 | 0 | @a古建筑@Agu jian zhu@x建筑艺术@y中国 |
| 690 | @aTU-092@v5 | |
| 701 | 0 | @a李浈@Ali zhen@4编著 |
| 801 | @aCN | |
| 901 | @a20 | |
| 905 | @a河南城建学院图书馆@b1293219-21@dTU-092@eL335@f3 | |
| 中国传统建筑形制与工艺/李浈编著.-第3版.-上海:同济大学出版社,2015.10 |
| 298页:图;26cm |
| 国家自然科学基金资助项目 (编号51378357, 51078277) |
| ISBN 978-7-5608-5959-0:CNY76.00 |
| 本书是关于中国传统建筑工艺较全面的论述, 作者结合前人和自己的研究成果, 介绍了中国古代建筑的主要形制, 系统阐述了传统建筑木作、土作、石作、砖瓦作、漆作等主要结构性匠作的工艺发展概况, 材料的利用和加工, 营造工艺流程, 并关注南北方传统建筑工艺的异同。 |
| ● |
| 相关链接 |
|
|
|
正题名: 中国传统建筑形制与工艺
索取号:TU-092/L335
 
预约/预借
| 序号 | 登录号 | 条形码 | 馆藏地/架位号 | 状态 | 备注 |
| 1 | 1293219 | 212932199 | 建筑库101/101建筑库 5排2列1层/ [索取号:TU-092/L335] | 在馆 | |
| 2 | 1293220 | 212932205 | 期刊室512/101建筑库 5排2列1层/ [索取号:TU-092/L335] | 在馆 | |
| 3 | 1293221 | 212932212 | 建筑库101/101建筑库 5排2列1层/ [索取号:TU-092/L335] | 在馆 |